000 00545nam a2200181 a 4500
001 000035522
005 20200930074414.0
008 111103s2001 sp 000 0 spa d
020 _a8466301720
040 _aDO-SdBNP
_bspa
_cBNPHU
100 1 _aEllroy, James,
_d1948-
_915034
245 1 0 _aL. A. Confidential /
_cJames Ellroy ; traducción Carlos Gardini.
260 _aEspaña :
_bEdiciones B,
_c2001.
300 _a611 p. ;
_c18 cm.
490 1 _aPunto de lectura
700 1 _aGardini, Carlos
_etr.
_912983
830 0 _aPunto de lectura
_93047
999 _c35013
_d35013